01392cam a22003254a 45000010009000000050017000090080041000260100017000670200032000840200035001160400018001510420008001690500022001770820020001991000024002192450132002432600055003753000036004304400059004665040066005256500034005916500036006256530020006617000031006818560091007128560092008039420012008959990017009079520142009241310669920080306090705.0030227s2003 maua b 001 0 eng  a 2003044676 a1402074360 (acidfree paper) a9781402074363 (acidfree paper) aDLCcDLCdDLC apcc00aHD58.8b.L58 200300a302.35221bLIN1 aLin, Zhiang.92767010aDesigning Stress Resistant Organizations :bComputational Theorizing and Crisis Applications /cZhiang Lin, Kathleen M. Carley. aLondon :bKluwer Academic Publishers, 2003cc2003. axxiii, 211 p. :bill. ;c25 cm. 0aInformation and organization design series ;v3927671 aIncludes bibliographical references (p. [191]-208) and index. 0aOrganizational change.927672 0aOrganizational behavior.927673 bCScOctober20111 aCarley, Kathleen M.927674423Publisher descriptionuhttp://www.loc.gov/catdir/enhancements/fy0813/2003044676-d.html413Table of contents onlyuhttp://www.loc.gov/catdir/enhancements/fy0813/2003044676-t.html 2ddccBB c16179d16179 00102ddc40708sorazbkaMAINbMAINc1STd2011-10-27epurchaseg160.00l1m1o302.35 LINp000025483r2025-07-15 00:00:00s2014-02-10yBB